<Le> cout économique du sida quelle évaluation?

Autor skúma, ktoré prostriedky sú efektívne používané v boji proti AIDS, ktoré náklady slúžia na ochranu kolektívov, výdavky na hospitalizáciu a ambulantné liečenie. Trh AIDS a jeho výskum. Financovanie výdavkov na túto chorobu. Predvídania vývoja vo Francúzsku a USA. (Autrement, série Mutations 199...

Descrizione completa

Salvato in:
Dettagli Bibliografici
Autore principale: Souteyrand, Y.
Natura: Capitolo di libro
Lingua:francese
Soggetti:
Tags: Aggiungi Tag
Nessun Tag, puoi essere il primo ad aggiungerne!!

MARC

LEADER 00000naa a2200000 4500
001 r010584
005 20220913124314.6
041 0 |a fre 
044 |a FR 
245 1 0 |a <Le> cout économique du sida quelle évaluation?  |c Y. Souteyrand 
520 |a Autor skúma, ktoré prostriedky sú efektívne používané v boji proti AIDS, ktoré náklady slúžia na ochranu kolektívov, výdavky na hospitalizáciu a ambulantné liečenie. Trh AIDS a jeho výskum. Financovanie výdavkov na túto chorobu. Predvídania vývoja vo Francúzsku a USA. (Autrement, série Mutations 1992, č. 130.). 
610 2 0 |a AIDS 
610 2 0 |a starostlivosť zdravotná 
610 2 0 |a náklady 
610 2 0 |a Francúzsko 
610 2 0 |a USA 
610 2 0 |a krajiny rozvojové 
100 1 |a Souteyrand, Y.